30 Famous Duos by Picture Quiz Stats

 Plays Quiz Updated Jul 27, 2015

Challenge
Share
Tweet
Score 0/30 Timer 10:00
7 Plays Today
% Correct
Batman and Robin
99%
Tom and Jerry
98%
Bert and Ernie
91.7%
Beavis and Butthead
86.4%
Simon and Garfunkel
82.7%
Thelma and Louise
82.4%
Sonny and Cher
80.4%
Lilo and Stitch
80.3%
Chip and Dale
80%
Mork and Mindy
77.3%
Penn and Teller
76.8%
Rocky and Bullwinkle
76.8%
Pinky and the Brain
73%
Starsky and Hutch
72.6%
Bonnie and Clyde
71.6%
% Correct
Ren and Stimpy
70.3%
Cheech and Chong
69.8%
Donny and Marie
68.3%
Wallace and Gromit
67%
Harold and Kumar
66%
Bill and Ted
65.1%
Wayne and Garth
64.8%
Laurel and Hardy
63.6%
Calvin and Hobbes
62.8%
Hall and Oates
62.7%
Abbott and Costello
62.3%
Will and Grace
60.9%
Laverne and Shirley
60.7%
Timon and Pumbaa
54.6%
Siegfried and Roy
40%

You're not logged in!

Compare scores with friends on all Sporcle quizzes.
OR
Log In

You Might Also Like...

Show Comments

Extras

Top Quizzes Today


Score Distribution

Your Account Isn't Verified!

In order to create a playlist on Sporcle, you need to verify the email address you used during registration. Go to your Sporcle Settings to finish the process.

Report this User

Report this user for behavior that violates our Community Guidelines.

Details: